[Event "Hasselbacken op"]
[Site "Stockholm"]
[Date "2016.05.04"]
[Round "5"]
[White "Lundvik, Jonas"]
[Black "Schneider, Stefan"]
[Result "1-0"]
[WhiteElo "2204"]
[BlackElo "2359"]
[PlyCount "113"]
[EventDate "2016.04.30"]
[EventType "swiss"]
[EventRounds "9"]
[EventCountry "SWE"]
[SourceTitle "CBM 172 Extra"]
[Source "ChessBase"]
[SourceDate "2016.06.21"]
[SourceVersion "1"]
[SourceVersionDate "2016.06.21"]
[SourceQuality "1"]

1. d4 Nf6 2. Nf3 e6 3. g3 c5 4. Bg2 cxd4 5. 0-0 d5 6. Nxd4 e5 7. Nb5 a6 8. N5c3 Be6 9. Bg5 d4 10. Ne4 Be7 11. Nxf6+ gxf6 12. Bh6 Qb6 13. Qc1 Rg8 14. c3 Nc6 15. e3 d3 16. e4 0-0-0 17. b4 Kb8 18. Be3 Qc7 19. a4 Rc8 20. Qb2 Ka8 21. Nd2 Nb8 22. Rfc1 Qd7 23. Rab1 h5 24. h4 f5 25. exf5 Bd5 26. Bxd5 Qxd5 27. c4 Qd7 28. b5 Rg4 29. bxa6 Nxa6 30. Qxe5 Bxh4 31. Qd5 Qc6 32. Rb5 Be7 33. Rcb1 Qxd5 34. Rxd5 Nc5 35. f6 Bf8 36. Rxh5 Rg6 37. Rb5 Na6 38. Rbd5 Rxf6 39. Rxd3 Bc5 40. Ne4 Rfc6 41. Nxc5 Nxc5 42. Bxc5 Rxc5 43. Rxc5 Rxc5 44. Rd4 Ka7 45. g4 Kb6 46. f4 Rc7 47. Kf2 Kc5 48. Ke3 Kb4 49. Kd3 Kxa4 50. Rd5 f6 51. Rb5 Rg7 52. g5 fxg5 53. fxg5 Rd7+ 54. Ke4 Rc7 55. Kf5 Rxc4 56. Rxb7 Rc5+ 57. Kf6 1-0

[Event "Hasselbacken op"]
[Site "Stockholm"]
[Date "2016.05.01"]
[Round "2"]
[White "Bachmann, Axel"]
[Black "Lundvik, Jonas"]
[Result "1-0"]
[WhiteElo "2621"]
[BlackElo "2204"]
[PlyCount "61"]
[EventDate "2016.04.30"]
[EventType "swiss"]
[EventRounds "9"]
[EventCountry "SWE"]
[SourceTitle "CBM 172 Extra"]
[Source "ChessBase"]
[SourceDate "2016.06.21"]
[SourceVersion "1"]
[SourceVersionDate "2016.06.21"]
[SourceQuality "1"]

1. Nf3 Nf6 2. c4 e6 3. g3 b6 4. Bg2 Bb7 5. 0-0 Be7 6. d4 d5 7. cxd5 exd5 8. Nc3 0-0 9. Ne5 Ne4 10. Qa4 Nxc3 11. bxc3 Bd6 12. Nd3 Qe8 13. Qc2 c6 14. Re1 f5 15. c4 Nd7 16. Bf4 Qe6 17. Rec1 Nf6 18. Bxd6 Qxd6 19. Rab1 dxc4 20. Qxc4+ Nd5 21. a4 Rad8 22. a5 b5 23. Qc5 a6 24. Qxd6 Rxd6 25. Nc5 Bc8 26. Nxa6 Bxa6 27. Rxc6 Rff6 28. Rxa6 Rxa6 29. Bxd5+ Kf8 30. Rxb5 Ra7 31. Bb7 1-0

[Event "SWE-chT 1516 Superettan"]
[Site "Sweden"]
[Date "2016.01.30"]
[Round "5"]
[White "Todorovic, Zoran"]
[Black "Lundvik, Jonas"]
[Result "0-1"]
[WhiteElo "2076"]
[BlackElo "2194"]
[PlyCount "86"]
[EventDate "2015.11.06"]
[EventType "team-tourn"]
[EventRounds "9"]
[EventCountry "SWE"]
[SourceTitle "EXT 2018"]
[Source "ChessBase"]
[SourceDate "2017.10.13"]
[SourceVersion "1"]
[SourceVersionDate "2017.10.13"]
[SourceQuality "1"]
[WhiteTeam "Stockholm Rockaden II"]
[BlackTeam "Solna"]
[WhiteTeamCountry "SWE"]
[BlackTeamCountry "SWE"]

1. e4 e6 2. d4 d5 3. Nd2 b6 4. exd5 exd5 5. Ngf3 Bd6 6. Bd3 Qe7+ 7. Qe2 Qxe2+ 8. Bxe2 Bf5 9. c3 Nd7 10. Nf1 f6 11. Ng3 Bg6 12. Nh4 Bf7 13. Nhf5 Bf8 14. Bf4 0-0-0 15. 0-0 g6 16. a4 gxf5 17. Nxf5 Ne7 18. Nxe7+ Bxe7 19. a5 Kb7 20. Rfe1 Rhe8 21. axb6 axb6 22. Ba6+ Kc6 23. b4 Nb8 24. Bd3 Bg6 25. Bf1 Bd6 26. Be3 Kb7 27. Ra2 Bf4 28. g3 Bxe3 29. fxe3 Kc6 30. Rf2 Nd7 31. Bh3 Rf8 32. Rf4 Rde8 33. Bg2 Kd6 34. h4 Rf7 35. g4 Rg7 36. Kf2 Ra8 37. h5 Ra2+ 38. Re2 Rxe2+ 39. Kxe2 Bxh5 40. Bxd5 Rxg4 41. Rxg4 Bxg4+ 42. Bf3 Bxf3+ 43. Kxf3 Kd5 0-1

[Event "SWE-chT 1516 Superettan"]
[Site "Sweden"]
[Date "2015.11.06"]
[Round "1"]
[White "Madebrink, Lars"]
[Black "Lundvik, Jonas"]
[Result "1-0"]
[WhiteElo "2195"]
[BlackElo "2194"]
[PlyCount "78"]
[EventDate "2015.11.06"]
[EventType "team-tourn"]
[EventRounds "9"]
[EventCountry "SWE"]
[SourceTitle "EXT 2018"]
[Source "ChessBase"]
[SourceDate "2017.10.13"]
[SourceVersion "1"]
[SourceVersionDate "2017.10.13"]
[SourceQuality "1"]
[WhiteTeam "Kamraterna"]
[BlackTeam "Solna"]
[WhiteTeamCountry "SWE"]
[BlackTeamCountry "SWE"]

1. c4 Nf6 2. Nc3 d5 3. cxd5 Nxd5 4. g3 g6 5. Bg2 Nxc3 6. bxc3 Bg7 7. Rb1 0-0 8. Rxb7 Bxb7 9. Bxb7 Nd7 10. Bxa8 Qxa8 11. f3 Qd5 12. Qa4 Nc5 13. Qc2 Rd8 14. Nh3 Bh6 15. Nf2 Rd6 16. 0-0 Ra6 17. c4 Qd7 18. Kg2 Qa4 19. Qc3 Bg7 20. Qe3 Ne6 21. Ne4 Qxc4 22. Nc3 Bd4 23. Qe4 f5 24. Qa8+ Kf7 25. Bb2 Rb6 26. Ba1 h5 27. e3 Bc5 28. Qh8 Qd3 29. Ne4 Ba3 30. Qh7+ Kf8 31. Bg7+ Nxg7 32. Qh8+ Kf7 33. Ng5+ Kf6 34. Qf8+ Ke5 35. Qxg7+ Kd5 36. Rf2 Rf6 37. Qg8+ Kc6 38. Nf7 Kb7 39. Ne5 Qc2 1-0

[Event "SWE-chT 1415 Elite"]
[Site "Sweden"]
[Date "2015.03.07"]
[Round "6"]
[White "Lundvik, Jonas"]
[Black "Pettersson, Anders"]
[Result "1-0"]
[WhiteElo "2202"]
[BlackElo "2280"]
[PlyCount "163"]
[EventDate "2014.11.21"]
[EventType "team-tourn"]
[EventRounds "9"]
[EventCountry "SWE"]
[SourceTitle "EXT 2018"]
[Source "ChessBase"]
[SourceDate "2017.10.13"]
[SourceVersion "1"]
[SourceVersionDate "2017.10.13"]
[SourceQuality "1"]
[WhiteTeam "Solna"]
[BlackTeam "Stockholm Viking"]
[WhiteTeamCountry "SWE"]
[BlackTeamCountry "SWE"]

1. d4 Nf6 2. Nf3 g6 3. g3 Bg7 4. Bg2 0-0 5. 0-0 d6 6. c3 Nbd7 7. Nbd2 Rb8 8. a4 c5 9. Re1 a6 10. a5 b5 11. axb6 Nxb6 12. dxc5 dxc5 13. Ne5 Bb7 14. Nc6 Bxc6 15. Bxc6 Qc8 16. Bg2 Nfd7 17. Qc2 Ne5 18. Rd1 Rd8 19. Nf1 Rxd1 20. Qxd1 Nbc4 21. Ra2 h5 22. f4 Ng4 23. Qd3 Nd6 24. Qxa6 Qe6 25. e4 Qb3 26. Qa4 Qe6 27. Qa6 Qb3 28. Qa4 Qe6 29. h3 Nh6 30. Qa6 Qb3 31. Qa4 Qe6 32. Qa6 Qb3 33. Ne3 Kh7 34. Ra3 Rb6 35. Qa7 Qb5 36. Ra5 Rb7 37. Qa6 Qb3 38. Rxc5 Rb6 39. Qa8 Rb8 40. Qd5 Qa4 41. Ra5 Qe8 42. Kh2 Rd8 43. e5 Ndf5 44. Ra8 Rxa8 45. Qxa8 Qb5 46. Qd5 Qe2 47. Qd2 Qa6 48. Nd5 e6 49. Nb4 Qb6 50. Nc6 Bf8 51. b4 Qb5 52. Qf2 Qd3 53. Qe1 Kg7 54. Be4 Qa6 55. Bd2 Qa2 56. Bf3 Kg8 57. Qe2 h4 58. Be1 hxg3+ 59. Bxg3 Qa1 60. Be1 Qc1 61. Qd2 Qb1 62. Bf2 Qb3 63. Kg2 Qc4 64. Na5 Qa6 65. c4 Qc8 66. c5 Be7 67. Bb7 Qc7 68. c6 Nh4+ 69. Kf1 N6f5 70. Qd7 Ng3+ 71. Bxg3 Qb6 72. Qxe7 Qb5+ 73. Kf2 Nf5 74. Qd8+ Kh7 75. Qd2 Qb6+ 76. Kg2 Ne3+ 77. Kh1 Nf1 78. Bf2 Qb5 79. Qe1 Qd5+ 80. Kg1 Nd2 81. c7 Nf3+ 82. Kh1 1-0

[Event "SWE-chT 1415 Elite"]
[Site "Sweden"]
[Date "2015.01.17"]
[Round "4"]
[White "Kenneskog, Theodor"]
[Black "Lundvik, Jonas"]
[Result "1-0"]
[WhiteElo "2307"]
[BlackElo "2202"]
[PlyCount "143"]
[EventDate "2014.11.21"]
[EventType "team-tourn"]
[EventRounds "9"]
[EventCountry "SWE"]
[SourceTitle "EXT 2016"]
[Source "ChessBase"]
[SourceDate "2015.10.08"]
[SourceVersion "1"]
[SourceVersionDate "2015.10.08"]
[SourceQuality "1"]
[WhiteTeam "Stockholm Rockaden"]
[BlackTeam "Solna"]
[WhiteTeamCountry "SWE"]
[BlackTeamCountry "SWE"]

1. d4 Nf6 2. c4 e6 3. Nc3 d5 4. cxd5 exd5 5. Bg5 Be7 6. e3 0-0 7. Bd3 c5 8. dxc5 Bxc5 9. Bxf6 Qxf6 10. Nxd5 Qxb2 11. Rb1 Qa3 12. Rb3 Qa5+ 13. Kf1 Qd8 14. Bxh7+ Kxh7 15. Qc2+ Kg8 16. Qxc5 Nc6 17. Ne2 Re8 18. Nef4 Na5 19. Rc3 b6 20. Qc7 Bb7 21. Qxd8 Raxd8 22. Nc7 Re7 23. Ke2 Nc6 24. Nb5 Ba6 25. a4 Nd4+ 26. Ke1 Nxb5 27. axb5 Bxb5 28. f3 Be8 29. Kf2 b5 30. e4 a5 31. Nd5 Rb7 32. Ra1 b4 33. Rc7 Rxc7 34. Nxc7 a4 35. Nxe8 a3 36. Nc7 Rd2+ 37. Ke3 Rb2 38. Nd5 f6 39. g4 Kf7 40. h4 Ke6 41. Nxb4 Rxb4 42. Rxa3 Rb7 43. Ra6+ Kf7 44. h5 Rc7 45. Kf4 Rc5 46. Ra7+ Kf8 47. Rd7 Rc3 48. h6 gxh6 49. Rh7 Ra3 50. Rxh6 Kf7 51. Rh5 Kg6 52. Rf5 Rb3 53. g5 fxg5+ 54. Rxg5+ Kf6 55. Rh5 Kg6 56. Rd5 Kf6 57. Rd6+ Kf7 58. e5 Ke7 59. Ke4 Ra3 60. f4 Ra4+ 61. Kf5 Rb4 62. Rh6 Kf7 63. Rh7+ Kg8 64. Rc7 Ra4 65. e6 Kf8 66. Ke5 Ra3 67. Kf6 Ra8 68. Rh7 Kg8 69. Rd7 Kf8 70. f5 Rb8 71. e7+ Ke8 72. Rd8+ 1-0

[Event "SWE-chT2 1314"]
[Site "Sweden"]
[Date "2014.03.08"]
[Round "8"]
[White "Lundvik, Jonas"]
[Black "Jakenberg, Jussi"]
[Result "1/2-1/2"]
[WhiteElo "2148"]
[BlackElo "2068"]
[PlyCount "107"]
[EventDate "2013.11.22"]
[EventType "team-tourn"]
[EventRounds "9"]
[EventCountry "SWE"]
[SourceTitle "EXT 2015"]
[Source "ChessBase"]
[SourceDate "2014.11.20"]
[SourceVersion "1"]
[SourceVersionDate "2014.11.20"]
[SourceQuality "1"]
[WhiteTeam "Solna"]
[BlackTeam "Sollentuna"]
[WhiteTeamCountry "SWE"]
[BlackTeamCountry "SWE"]

1. d4 Nf6 2. Nf3 e6 3. g3 b6 4. Bg2 Bb7 5. 0-0 Be7 6. c4 c6 7. Nc3 d5 8. cxd5 cxd5 9. Ne5 0-0 10. Bf4 Nfd7 11. e4 Nxe5 12. Bxe5 dxe4 13. Nxe4 Nc6 14. Qg4 Nxe5 15. dxe5 Bxe4 16. Qxe4 Rc8 17. Rad1 Qc7 18. Qe2 Rfd8 19. Be4 Rxd1 20. Rxd1 Rd8 21. Rxd8+ Qxd8 22. Kg2 g6 23. Qd3 Qxd3 24. Bxd3 h5 25. Ba6 Bc5 26. f4 Kf8 27. Kf3 Ke7 28. Ke4 Bg1 29. h3 Bf2 30. Kf3 Be1 31. g4 hxg4+ 32. hxg4 Bd2 33. Ke4 Bc1 34. b4 Ba3 35. b5 Bb2 36. Bb7 Bc1 37. Kf3 Bd2 38. Be4 Bc1 39. Bd3 Bd2 40. Ke4 Bc1 41. Bc2 Bd2 42. f5 gxf5+ 43. gxf5 exf5+ 44. Kxf5 Bc3 45. Bb3 Bb2 46. Ke4 Bc3 47. Kd5 Bb2 48. Bc2 Bc3 49. Bf5 Bb2 50. Bh3 Bc3 51. e6 fxe6+ 52. Bxe6 Ba5 53. Bh3 Kf6 54. Kc6 1/2-1/2

[Event "SWE-chT2 1213"]
[Site "Sweden"]
[Date "2012.12.01"]
[Round "3"]
[White "Lundvik, Jonas"]
[Black "Burwick, Malte"]
[Result "0-1"]
[WhiteElo "2196"]
[BlackElo "2245"]
[PlyCount "154"]
[EventDate "2012.10.20"]
[EventType "team-tourn"]
[EventRounds "9"]
[EventCountry "SWE"]
[SourceTitle "EXT 2015"]
[Source "ChessBase"]
[SourceDate "2014.11.20"]
[SourceVersion "1"]
[SourceVersionDate "2014.11.20"]
[SourceQuality "1"]
[WhiteTeam "Solna"]
[BlackTeam "Upsala"]
[WhiteTeamCountry "SWE"]
[BlackTeamCountry "SWE"]

1. g3 g6 2. Bg2 Bg7 3. c4 Nf6 4. Nc3 0-0 5. b3 e5 6. e3 Re8 7. Nge2 c6 8. e4 Na6 9. 0-0 Nc7 10. d4 d6 11. h3 Ne6 12. d5 Nd4 13. dxc6 bxc6 14. Be3 c5 15. Kh2 Bd7 16. Rb1 Qa5 17. Qd2 Rab8 18. Nxd4 exd4 19. Nd5 Qa3 20. Bg5 Nxd5 21. cxd5 Rb6 22. Rfe1 f6 23. Bh6 Bxh6 24. Qxh6 Qxa2 25. Qf4 Rf8 26. h4 Qa6 27. Ra1 Qb7 28. Ra3 Kg7 29. Rea1 Ra8 30. g4 h6 31. g5 hxg5 32. hxg5 fxg5 33. Qxg5 Bb5 34. e5 dxe5 35. Qxe5+ Rf6 36. d6 Rh8+ 37. Kg1 Qf7 38. Rxa7 Bd7 39. Bd5 Rh5 40. Qxh5 gxh5 41. Bxf7 Rxf7 42. Rc7 Kf6 43. Rxc5 h4 44. Rd1 Rg7+ 45. Kh1 Rg4 46. f3 Rf4 47. Kg2 Ke6 48. Rc4 Kd5 49. Rb4 Kc5 50. Rb8 Kxd6 51. Ra1 Bc6 52. Rf1 Kc7 53. Rh8 d3 54. Rh6 Bd5 55. b4 Rxf3 56. Rxf3 d2 57. Rxh4 d1Q 58. Rhf4 Qe2+ 59. Kg3 Bxf3 60. Rxf3 Qe1+ 61. Rf2 Qxb4 62. Re2 Kd6 63. Kf3 Kd5 64. Re3 Qc4 65. Re1 Qd3+ 66. Kf2 Kd4 67. Re2 Qd1 68. Re1 Qd2+ 69. Re2 Qg5 70. Kf3 Kd3 71. Re1 Qf5+ 72. Kg3 Kd2 73. Rh1 Ke2 74. Rh2+ Ke3 75. Rh4 Qf3+ 76. Kh2 Kf2 77. Rh8 Qg2# 0-1

[Event "SWE-chT2 1112"]
[Site "Sweden"]
[Date "2012.01.14"]
[Round "4"]
[White "Lundvik, Jonas"]
[Black "Adler, Bo"]
[Result "1-0"]
[WhiteElo "2208"]
[BlackElo "2167"]
[PlyCount "69"]
[EventDate "2011.10.22"]
[EventType "team-tourn"]
[EventRounds "9"]
[EventCountry "SWE"]
[SourceTitle "EXT 2013"]
[Source "ChessBase"]
[SourceDate "2012.11.22"]
[SourceVersion "1"]
[SourceVersionDate "2012.11.22"]
[SourceQuality "1"]
[WhiteTeam "Upsala"]
[BlackTeam "Sodra"]
[WhiteTeamCountry "SWE"]
[BlackTeamCountry "SWE"]

1. d4 Nf6 2. Nf3 d5 3. g3 c5 4. Bg2 Nc6 5. 0-0 e6 6. c4 Be7 7. Nc3 cxd4 8. Nxd4 Qb6 9. Ndb5 d4 10. Na4 Qa5 11. e3 dxe3 12. Bxe3 0-0 13. a3 Bd7 14. Nc5 Bxc5 15. Bxc5 Rfc8 16. b4 Qd8 17. Ra2 b6 18. Be3 Qe7 19. Rd2 Be8 20. Nd6 Rd8 21. b5 Ne5 22. Bxa8 Rxa8 23. Re1 Ned7 24. Bg5 Nc5 25. Qf3 Rd8 26. Nf5 Qb7 27. Qxb7 Nxb7 28. Rxd8 Nxd8 29. Bxf6 gxf6 30. Rd1 Nb7 31. Ne7+ Kf8 32. Nc8 Na5 33. Rc1 Bd7 34. Nxa7 Nb3 35. c5 1-0

[Event "SWE-chT2 1112"]
[Site "Sweden"]
[Date "2011.10.22"]
[Round "1"]
[White "Nygren, Kim"]
[Black "Lundvik, Jonas"]
[Result "1-0"]
[WhiteElo "2240"]
[BlackElo "2208"]
[PlyCount "79"]
[EventDate "2011.10.22"]
[EventType "team-tourn"]
[EventRounds "9"]
[EventCountry "SWE"]
[SourceTitle "EXT 2013"]
[Source "ChessBase"]
[SourceDate "2012.11.22"]
[SourceVersion "1"]
[SourceVersionDate "2012.11.22"]
[SourceQuality "1"]
[WhiteTeam "Orebro"]
[BlackTeam "Upsala"]
[WhiteTeamCountry "SWE"]
[BlackTeamCountry "SWE"]

1. e4 e6 2. d4 d5 3. Nc3 Bb4 4. e5 b6 5. Qg4 Bf8 6. Bb5+ c6 7. Be2 Qd7 8. Nh3 Ba6 9. 0-0 Ne7 10. a4 Nf5 11. Re1 Bb4 12. Nf4 Bxe2 13. Rxe2 Na6 14. Nh5 0-0-0 15. Na2 Be7 16. Bd2 Kb7 17. b4 Rc8 18. c3 Nc7 19. Nc1 g6 20. Ng3 h5 21. Qf3 Rcg8 22. Nb3 h4 23. Nf1 g5 24. h3 f6 25. Nh2 fxe5 26. dxe5 Rf8 27. Qd3 Rhg8 28. Ng4 Qe8 29. c4 dxc4 30. Qxc4 Qd7 31. a5 Qd5 32. Qc2 Qb5 33. Re4 Rd8 34. Rc4 Rd5 35. axb6 axb6 36. Rxc6 Qxc6 37. Ra7+ Kxa7 38. Qxc6 Bd8 39. Be3 Rb5 40. Na5 1-0

[Event "SWE-chT 1011"]
[Site "Sweden"]
[Date "2011.02.26"]
[Round "8"]
[White "Lundvik, Jonas"]
[Black "Akesson, Ralf"]
[Result "0-1"]
[WhiteElo "2235"]
[BlackElo "2434"]
[PlyCount "88"]
[EventDate "2010.10.08"]
[EventType "team-tourn"]
[EventRounds "11"]
[EventCountry "SWE"]
[SourceTitle "EXT 2012"]
[Source "ChessBase"]
[SourceDate "2011.11.24"]
[SourceVersion "1"]
[SourceVersionDate "2011.11.24"]
[SourceQuality "1"]
[WhiteTeam "Upsala"]
[BlackTeam "Vasteras"]
[WhiteTeamCountry "SWE"]
[BlackTeamCountry "SWE"]

1. d4 Nf6 2. Nf3 e6 3. g3 c5 4. Bg2 cxd4 5. 0-0 a6 6. Nxd4 Qc7 7. Nc3 Be7 8. e4 d6 9. Be3 Nc6 10. Nxc6 bxc6 11. e5 dxe5 12. Na4 Rb8 13. c4 c5 14. Qe2 Bb7 15. Bxb7 Rxb7 16. Rad1 0-0 17. b3 Qc6 18. Bg5 h6 19. Bxf6 Bxf6 20. Nc3 Rbb8 21. Rd3 Rbd8 22. Rfd1 Rd4 23. Qe3 Rfd8 24. Ne2 Rxd3 25. Rxd3 Rxd3 26. Qxd3 e4 27. Qd1 Be5 28. g4 f5 29. gxf5 exf5 30. Qd2 Qd6 31. Qe3 Bxh2+ 32. Kg2 Be5 33. f3 Qd3 34. Qf2 exf3+ 35. Qxf3 Qxf3+ 36. Kxf3 Kf7 37. Nc1 Bd6 38. Nd3 a5 39. a3 Ke6 40. b4 axb4 41. axb4 cxb4 42. c5 Be7 43. Nxb4 Bxc5 44. Nd3 Bd6 0-1

[Event "SWE-chT 0910"]
[Site "Sweden"]
[Date "2010.02.06"]
[Round "7"]
[White "Lundvik, Jonas"]
[Black "Svensk, Ingemar"]
[Result "1-0"]
[WhiteElo "2241"]
[BlackElo "2284"]
[PlyCount "59"]
[EventDate "2009.10.16"]
[EventType "team"]
[EventRounds "11"]
[EventCountry "SWE"]
[SourceTitle "EXT 2011"]
[Source "ChessBase"]
[SourceDate "2010.11.26"]
[SourceVersion "1"]
[SourceVersionDate "2010.11.26"]
[SourceQuality "1"]
[WhiteTeam "Upsala"]
[BlackTeam "Farsta"]
[WhiteTeamCountry "SWE"]
[BlackTeamCountry "SWE"]

1. d4 Nf6 2. Nf3 d5 3. c4 e6 4. cxd5 exd5 5. Qc2 c6 6. Nc3 Be7 7. Bf4 Na6 8. a3 Nc7 9. e3 Ne6 10. Be5 0-0 11. Bd3 Re8 12. 0-0-0 g6 13. h4 Ng7 14. Ng5 Bf5 15. Bxf5 Nxf5 16. h5 Ng4 17. hxg6 fxg6 18. Nxh7 Bh4 19. g3 Kxh7 20. gxh4 Nxe5 21. dxe5 Rxe5 22. h5 Nh4 23. Rdg1 Rg5 24. Ne2 Nf3 25. hxg6+ Kg8 26. Rd1 Qf6 27. Nf4 Re8 28. Rh3 Re4 29. Kb1 Qf5 30. Rxf3 1-0

[Event "SWE-chT 0910"]
[Site "Sweden"]
[Date "2009.11.14"]
[Round "4"]
[White "Malmstig, Erik"]
[Black "Lundvik, Jonas"]
[Result "1-0"]
[WhiteElo "2232"]
[BlackElo "2241"]
[PlyCount "82"]
[EventDate "2009.10.16"]
[EventType "team"]
[EventRounds "11"]
[EventCountry "SWE"]
[SourceTitle "EXT 2011"]
[Source "ChessBase"]
[SourceDate "2010.11.26"]
[SourceVersion "1"]
[SourceVersionDate "2010.11.26"]
[SourceQuality "1"]
[WhiteTeam "Umea Rockaden"]
[BlackTeam "Upsala"]
[WhiteTeamCountry "SWE"]
[BlackTeamCountry "SWE"]

1. d4 d5 2. c4 c6 3. Nf3 Nf6 4. e3 e6 5. Nc3 Nbd7 6. Qc2 Bd6 7. Be2 0-0 8. 0-0 Qe7 9. Rd1 dxc4 10. Bxc4 e5 11. e4 exd4 12. Nxd4 Ne5 13. Be2 Rd8 14. h3 Ng6 15. Nf5 Bxf5 16. exf5 Nf4 17. Bf3 Qe5 18. g3 N4h5 19. Bg5 Bc5 20. Kg2 h6 21. Re1 Qc7 22. Bh4 Rd7 23. Qe2 Re7 24. Qc4 Re5 25. Bxh5 Nxh5 26. Qg4 g6 27. fxg6 fxg6 28. Qxg6+ Ng7 29. Ne4 Rf8 30. Nf6+ Rxf6 31. Bxf6 Rf5 32. f4 Qd7 33. Rad1 Rd5 34. Bxg7 Rd2+ 35. Kf3 Qd5+ 36. Kg4 Qd7+ 37. Kh4 Rxd1 38. Bxh6+ Kh8 39. Re8+ Qxe8 40. Qxe8+ Kh7 41. Qh5 Rd5 1-0

[Event "SWE-chT 0910"]
[Site "Sweden"]
[Date "2009.10.16"]
[Round "9"]
[White "Lundvik, Jonas"]
[Black "Astrom, Goran"]
[Result "1/2-1/2"]
[WhiteElo "2241"]
[BlackElo "2258"]
[PlyCount "58"]
[EventDate "2009.10.16"]
[EventType "team"]
[EventRounds "11"]
[EventCountry "SWE"]
[SourceTitle "EXT 2011"]
[Source "ChessBase"]
[SourceDate "2010.11.26"]
[SourceVersion "1"]
[SourceVersionDate "2010.11.26"]
[SourceQuality "1"]
[WhiteTeam "Upsala"]
[BlackTeam "Wasa"]
[WhiteTeamCountry "SWE"]
[BlackTeamCountry "SWE"]

1. d4 Nf6 2. Bg5 e6 3. Nf3 h6 4. Bh4 b6 5. e3 Bb7 6. Bd3 c5 7. 0-0 cxd4 8. exd4 Be7 9. c4 0-0 10. Nc3 d5 11. Rc1 Nc6 12. Bxf6 Bxf6 13. cxd5 exd5 14. Bb1 Re8 15. Qd3 g6 16. a3 Rc8 17. Ba2 Ne7 18. Ne5 Nf5 19. f4 a6 20. Nxd5 Bxd5 21. Rxc8 Qxc8 22. Bxd5 Bxe5 23. dxe5 Rd8 24. Rd1 Kg7 25. b4 Ne7 26. Qb3 Nxd5 27. Rxd5 Rxd5 28. Qxd5 Qc1+ 29. Kf2 Qxf4+ 1/2-1/2

[Event "Dos Hermanas Internet qual-E 10th"]
[Site "ICC INT"]
[Date "2009.03.15"]
[Round "11"]
[White "Lundvik, Jonas"]
[Black "Castano, Jhon Edison"]
[Result "1-0"]
[WhiteElo "2247"]
[BlackElo "2031"]
[PlyCount "41"]
[EventDate "2009.03.15"]
[EventType "swiss (blitz)"]
[EventRounds "12"]
[EventCountry "ESP"]
[SourceTitle "CBM 129 Extra"]
[Source "ChessBase"]
[SourceDate "2009.05.05"]
[SourceVersion "2"]
[SourceVersionDate "2009.05.20"]
[SourceQuality "1"]

1. d4 Nf6 2. Nf3 g6 3. Bg5 Ne4 4. Bh4 Bg7 5. Nbd2 d5 6. e3 0-0 7. Nxe4 dxe4 8. Nd2 c5 9. c3 cxd4 10. cxd4 Qb6 11. Qb3 Qxb3 12. axb3 Re8 13. Nxe4 e5 14. Nd6 Re6 15. Nxc8 Nc6 16. d5 Re8 17. dxc6 Raxc8 18. cxb7 Rb8 19. Rxa7 f6 20. Bc4+ Re6 21. Bxe6+ 1-0

[Event "SWE-chT 0809"]
[Site "Sweden"]
[Date "2008.12.06"]
[Round "4"]
[White "Lundvik, Jonas"]
[Black "Hillarp Persson, Tiger"]
[Result "1/2-1/2"]
[WhiteElo "2362"]
[BlackElo "2671"]
[PlyCount "127"]
[EventDate "2008.10.25"]
[EventType "team-tourn"]
[EventRounds "11"]
[EventCountry "SWE"]
[SourceTitle "EXT 2011"]
[Source "ChessBase"]
[SourceDate "2010.11.26"]
[SourceVersion "1"]
[SourceVersionDate "2010.11.26"]
[SourceQuality "1"]

1. d4 Nf6 2. Nf3 d5 3. c4 c6 4. Qb3 e6 5. Nc3 a5 6. c5 Nbd7 7. Bf4 b6 8. cxb6 Nxb6 9. e3 a4 10. Qc2 a3 11. Ne5 Bd7 12. Be2 axb2 13. Qxb2 Ba3 14. Qb3 c5 15. dxc5 Bxc5 16. Nb5 0-0 17. 0-0 Ra4 18. Nd3 Bxb5 19. Nxc5 Bxe2 20. Nxa4 Bxf1 21. Nxb6 Be2 22. a4 d4 23. exd4 Qxd4 24. Qa2 Ba6 25. Be3 Qe4 26. Qb1 Qe5 27. h3 Rd8 28. Qe1 h6 29. Rd1 Rxd1 30. Qxd1 Qe4 31. Qd4 Qg6 32. Kh2 Bf1 33. g4 Ba6 34. Nc8 Bxc8 35. Qd8+ Kh7 36. Qxc8 Qe4 37. Qa6 h5 38. gxh5 Nd5 39. Qa7 Qe5+ 40. Kg2 Qxh5 41. a5 f5 42. Qd4 Qe2 43. Qe5 Nxe3+ 44. Qxe3 Qb5 45. Qb6 Qd5+ 46. Kg1 Qd1+ 47. Kh2 Qe1 48. a6 Qe5+ 49. Kg1 Qe1+ 50. Kg2 Qe4+ 51. Kf1 f4 52. Qb7 Qd3+ 53. Kg2 Qg6+ 54. Kf3 Qd3+ 55. Kxf4 Qxh3 56. Qe4+ Kh6 57. a7 g5+ 58. Ke5 Qc3+ 59. Kxe6 Qb3+ 60. Kf6 Qb2+ 61. Ke6 Qb6+ 62. Kf5 Qxf2+ 63. Kg4 Qg1+ 64. Kf5 1/2-1/2

[Event "SWE-chT 0809"]
[Site "Sweden"]
[Date "2008.11.15"]
[Round "2"]
[White "Lundvik, Jonas"]
[Black "Olsson, Anders"]
[Result "0-1"]
[WhiteElo "2362"]
[BlackElo "2468"]
[PlyCount "112"]
[EventDate "2008.10.25"]
[EventType "team-tourn"]
[EventRounds "11"]
[EventCountry "SWE"]
[SourceTitle "EXT 2011"]
[Source "ChessBase"]
[SourceDate "2010.11.26"]
[SourceVersion "1"]
[SourceVersionDate "2010.11.26"]
[SourceQuality "1"]

1. d4 Nf6 2. Nf3 g6 3. Bg5 Bg7 4. Nbd2 d6 5. e4 h6 6. Bh4 Nh5 7. c3 0-0 8. Bc4 c5 9. dxc5 dxc5 10. 0-0 Nc6 11. Qe2 Qc7 12. Rad1 Bg4 13. h3 Bxf3 14. Nxf3 Rad8 15. Rxd8 Rxd8 16. Rd1 Rxd1+ 17. Qxd1 e6 18. Be2 Qb6 19. Qd2 g5 20. Bg3 Nxg3 21. fxg3 Qc7 22. Kf2 Ne5 23. Nxe5 Bxe5 24. Qe3 Kg7 25. h4 Bf6 26. e5 Qxe5 27. Qxe5 Bxe5 28. hxg5 hxg5 29. g4 Bf4 30. b4 b6 31. Kf3 f5 32. Ba6 Kf6 33. Bc8 Ke5 34. gxf5 exf5 35. Ke2 Bg3 36. Kd3 Bf2 37. Kc4 Kf6 38. Kd5 g4 39. b5 Kg5 40. Kc6 f4 41. Kb7 Kh4 42. Kxa7 c4 43. Bb7 f3 44. a4 Be1 45. gxf3 g3 46. f4 Bxc3 47. Kxb6 Bd4+ 48. Ka6 c3 49. Be4 Kg4 50. b6 Kxf4 51. b7 Be5 52. Ka7 Kxe4 53. a5 g2 54. a6 g1Q+ 55. Ka8 Qg8+ 56. Ka7 Bd4# 0-1

[Event "SWE-chT 0708"]
[Site "Sweden"]
[Date "2007.11.18"]
[Round "5"]
[White "Lundvik, Jonas"]
[Black "Astrom, Goran"]
[Result "1/2-1/2"]
[WhiteElo "2356"]
[BlackElo "2297"]
[PlyCount "88"]
[EventDate "2007.10.19"]
[EventType "team"]
[EventRounds "11"]
[EventCountry "SWE"]
[SourceTitle "EXT 2009"]
[Source "ChessBase"]
[SourceDate "2008.11.26"]
[SourceVersion "1"]
[SourceVersionDate "2008.11.26"]
[SourceQuality "1"]
[WhiteTeam "Upsala"]
[BlackTeam "Wasa"]
[WhiteTeamCountry "SWE"]
[BlackTeamCountry "SWE"]

1. d4 Nf6 2. Nf3 e6 3. g3 b5 4. Bg2 Bb7 5. 0-0 c5 6. Re1 cxd4 7. Nxd4 Bxg2 8. Kxg2 Qb6 9. Nc3 b4 10. Na4 Qb7+ 11. Kg1 Be7 12. a3 bxa3 13. b3 d5 14. Qd3 0-0 15. Bxa3 Bxa3 16. Rxa3 Nbd7 17. Qb5 Qxb5 18. Nxb5 Rfc8 19. Rc1 Rab8 20. Nd4 Rb7 21. f3 g6 22. e3 e5 23. Ne2 e4 24. fxe4 dxe4 25. Nd4 Ng4 26. Re1 Nge5 27. Re2 Nc5 28. h3 Nxa4 29. Rxa4 Rc3 30. Kf2 f5 31. Rd2 Kf7 32. Ra6 Rd7 33. Re2 Rcc7 34. Re1 Nf3 35. Nxf3 Rxc2+ 36. Re2 Rxe2+ 37. Kxe2 exf3+ 38. Kxf3 Rb7 39. h4 h5 40. Kf4 Rxb3 41. Rxa7+ Kg8 42. Kg5 Rxe3 43. Kxg6 Rxg3+ 44. Kxf5 Rg4 1/2-1/2